00562nam a22001697a 450000500170000001000150001702000260003203500130005803700130007108200120008424500910009626000460018727000660023330000250029950000500032470000180037420161020125546.0 aENG-116227 a9780199460991c475.00 aEN-99759 bDBAD/PUB a330.954 a Concise handbook of the Indian economy in the 21st century /cedited by Ashima Goyal  aNew Delhi bOxford University Pressc2015 aYMCA Library Building, 1 Jai Singh Road, bNew Delhi e110001 aix,209p. c22cm(pbk) aIncludes bibliographical references and index aGoyal,Ashima